Normal view MARC view
  • Fahed Parvaiz

Entry Personal Name

Number of records used in: 4

001 - CONTROL NUMBER

  • control field: 3233

003 - CONTROL NUMBER IDENTIFIER

  • control field: NUST

005 - DATE AND TIME OF LATEST TRANSACTION

  • control field: 20170711165745.0

008 - FIXED-LENGTH DATA ELEMENTS

  • fixed length control field: 170711|| aca||aabn | a|a d

040 ## - CATALOGING SOURCE

  • Original cataloging agency: NUST
  • Transcribing agency: NUST

100 ## - HEADING--PERSONAL NAME

  • Personal name: Fahed Parvaiz

670 ## - SOURCE DATA FOUND

  • Source citation: Work cat.: (NUST): Fahed Parvaiz, TH-PHD-Role of Hepatitis-C virus non structural proteins in the induction of insulin resistance, 2014
© 2023 Central Library, National University of Sciences and Technology. All Rights Reserved.